000 01835nam a2200481 i 4500
001 1268
003 KOSZ 005
005 20220324112004.0
008 981118s1984 pl a f f |000 0 pol
015 _aPB 1985/7967
040 _aWA N
_cWA N
_dKOSZ 005/HR
041 0 _apol
046 _k1984
080 _a624.2/.8
080 _a624.04
080 _a539.3/.6
080 _a(075.8)
100 1 _aJankowska-Sandberg, Joanna
_eAutor
245 1 0 _aPowierzchnie wpływowe A. Puchera dla płyt sprężystych :
_b[materiały pomocnicze Wydziału Inżynierii Lądowej i Sanitarnej do ćwiczeń projektowych z przedmiotu Podstawy mostownictwa] /
_cJoanna Jankowska.
260 _aKoszalin :
_bWydawnictwo Uczelniane WSI,
_c1984.
300 _a49 s., 93 s. tabl. :
_brys., wykr. ;
_c34 cm.
336 _2rdacontent
_aTekst
_btxt
337 _2rdamedia
_aBez urządzenia pośredniczącego
_bn
338 _2rdacarrier
_aWolumin
_bnc
380 _aKsiążki
380 _aPublikacje dydaktyczne
385 _mPoziom nauczania
_aSzkoły wyższe
388 _a1901-2000
388 _a1945-1989
490 1 _aSkrypty / Wyższa Szkoła Inżynierska w Koszalinie.
504 _aBibliogr. s. 3.
650 4 _aMosty
650 4 _aPłyty konstrukcyjne
650 4 _aMechanika budowli
650 4 _aSprężystość
655 4 _aPodręczniki akademickie
658 _aArchitektura i budownictwo
710 2 _aWydawnictwo Uczelniane (Wyższa Szkoła Inżynierska ; Koszalin)
_4pbl.
830 0 _aSkrypty - Wyższa Szkoła Inżynierska w Koszalinie
856 _uhttp://koha.tu.koszalin.pl/cgi-bin/koha/opac-detail.pl?biblionumber=1268
_yKatalog online BPK
856 _uhttp://dlibra.tu.koszalin.pl/dlibra/docmetadata?id=656
_yBiblioteka Cyfrowa
942 _2UKD
_cKS
999 _c1268
_d1268